000 00330 a2200157 4500
001 61911
020 _a9788506068649
040 _cAnchieta - Pituba
100 _aAguiar, Luiz Antonio
240 1 0 _aGóticos II
_lpor
245 1 0 _aGóticos II
300 _a376
362 0 _a2012
650 4 _aLiteratura juvenil
942 _cBK
999 _c61911
_d61911